Muslim peoples: a world ethnographic survey
| Contributors: | |
|---|---|
| Format: | Print Book |
| Language: | English |
| Subito Delivery Service: | Order now. |
| Check availability: | HBZ Gateway |
| WorldCat: | WorldCat |
| Interlibrary Loan: | Interlibrary Loan for the Fachinformationsdienste (Specialized Information Services in Germany) |
| Published: |
Westport, Conn. [u.a.]
Greenwood Press
1978
|
| In: | Year: 1978 |
| Standardized Subjects / Keyword chains: | B
Islam
/ People
|
| Further subjects: | B
Islamic countries
Social life and customs
B Islam and culture B Ethnology Islamic countries B Muslim |
MARC
| LEADER | 00000cam a2200000 c 4500 | ||
|---|---|---|---|
| 001 | 027233170 | ||
| 003 | DE-627 | ||
| 005 | 20251219212301.0 | ||
| 007 | tu | ||
| 008 | 710101s1978 xxu||||| 00| ||eng c | ||
| 020 | |a 0837198801 |9 0-8371-9880-1 | ||
| 035 | |a (DE-627)027233170 | ||
| 035 | |a (DE-576)006587755 | ||
| 035 | |a (DE-599)GBV027233170 | ||
| 035 | |a (OCoLC)03447003 | ||
| 035 | |a (DE-604)8032866216 | ||
| 040 | |a DE-627 |b ger |c DE-627 |e rakwb | ||
| 041 | |a eng | ||
| 044 | |c XD-US |c XA-GB | ||
| 050 | 0 | |a DS35.625.A1 | |
| 082 | 0 | |a 301.452971 | |
| 082 | 0 | |a 301.45/29/71 |q OCLC | |
| 084 | |a 0 |2 ssgn | ||
| 084 | |a SUEDASIEN |q DE-16 |2 fid | ||
| 084 | |a LB 15000 |2 rvk |0 (DE-625)rvk/90509:772 | ||
| 084 | |a LC 29000 |2 rvk |0 (DE-625)rvk/90639:772 | ||
| 084 | |a RB 10814 |2 rvk |0 (DE-625)rvk/142220:12869 | ||
| 084 | |a MS 9400 |2 rvk |0 (DE-625)rvk/123835: | ||
| 084 | |a MS 9550 |2 rvk |0 (DE-625)rvk/123838: | ||
| 084 | |a BE 8607 |2 rvk |0 (DE-625)rvk/10772: | ||
| 245 | 0 | 0 | |a Muslim peoples |b a world ethnographic survey |c Richard V. Weekes (ed.) |
| 264 | 1 | |a Westport, Conn. [u.a.] |b Greenwood Press |c 1978 | |
| 300 | |a XLI, 546 S. |b Kt., graph. Darst. | ||
| 336 | |a Text |b txt |2 rdacontent | ||
| 337 | |a ohne Hilfsmittel zu benutzen |b n |2 rdamedia | ||
| 338 | |a Band |b nc |2 rdacarrier | ||
| 500 | |a Literaturangaben | ||
| 583 | 1 | |a Massenentsäuert |c 2012 |k DE-18 |2 pdager |5 DE-H16 | |
| 583 | 1 | |a Archivierung/Langzeitarchivierung gewährleistet |f SSG |x XA-DE-BW |2 pdager |5 DE-21 | |
| 583 | 1 | |a Archivierung/Langzeitarchivierung gewährleistet |f FID |x XA-DE-BW |2 pdager |5 DE-16-77 | |
| 650 | 0 | |a Ethnology |x Islamic countries | |
| 650 | 0 | |a Islam and culture | |
| 650 | 0 | 7 | |0 (DE-588)4040921-1 |0 (DE-627)106221205 |0 (DE-576)209042680 |a Muslim |2 gnd |
| 651 | 0 | |a Islamic countries |x Social life and customs | |
| 689 | 0 | 0 | |d s |0 (DE-588)4027743-4 |0 (DE-627)106283499 |0 (DE-576)20897220X |2 gnd |a Islam |
| 689 | 0 | 1 | |d s |0 (DE-588)4063790-6 |0 (DE-627)104106603 |0 (DE-576)209150475 |2 gnd |a Volk |
| 689 | 0 | |5 (DE-627) | |
| 700 | 1 | |a Weekes, Richard V. |e Hrsg. |4 edt | |
| 935 | |i Blocktest | ||
| 936 | r | v | |a LB 15000 |b Darstellung ohne geografischen Bezug |k Sozial- und Kulturanthropologie. Empirische Kulturwissenschaft |k Gesamtdarstellungen und Sammelwerke |k Allgemeine Aufsatzsammlungen |k Darstellung ohne geografischen Bezug |0 (DE-627)1271508850 |0 (DE-625)rvk/90509:772 |0 (DE-576)201508850 |
| 936 | r | v | |a LC 29000 |b Darstellung ohne geografischen Bezug |k Sozial- und Kulturanthropologie. Empirische Kulturwissenschaft |k Religionsethnologie |k Religiöse Praktiken und Vorstellungen - Einzelstudien |k Darstellung ohne geografischen Bezug |0 (DE-627)1345183003 |0 (DE-625)rvk/90639:772 |0 (DE-576)275183009 |
| 936 | r | v | |a RB 10814 |b Geografie der Religionsgruppen |k Geografie |k Nicht regional gebundene Darstellungen |k Allgemeine Geografie |k Anthropogeografie |k Sozialgeografie und Politische Geografie |k Teilgebiete und Einzelfragen |k Geografie der Religionsgruppen |0 (DE-627)1271485826 |0 (DE-625)rvk/142220:12869 |0 (DE-576)201485826 |
| 936 | r | v | |a MS 9400 |b Übergreifende Werke der vergleichenden Sozial- bzw. Kultur-Anthropologie |k Soziologie |k Spezielle Soziologien |k Sozial- bzw. Kultur-Anthropologie |k Übergreifende Werke der vergleichenden Sozial- bzw. Kultur-Anthropologie |0 (DE-627)1271441969 |0 (DE-625)rvk/123835: |0 (DE-576)201441969 |
| 936 | r | v | |a MS 9550 |b Naher Osten, Islamische Welt insgesamt |k Soziologie |k Spezielle Soziologien |k Sozial- bzw. Kultur-Anthropologie |k Naher Osten, Islamische Welt insgesamt |0 (DE-627)1271441993 |0 (DE-625)rvk/123838: |0 (DE-576)201441993 |
| 936 | r | v | |a BE 8607 |b Verbreitung des Islam in einzelnen Ländern |k Theologie und Religionswissenschaften |k Religionswissenschaft |k Religionsgeschichte |k Islam |k Verbreitung des Islam in einzelnen Ländern |0 (DE-627)1270719424 |0 (DE-625)rvk/10772: |0 (DE-576)200719424 |
| 951 | |a BO | ||
| ELC | |b 1 | ||
| ITA | |a 1 |t 1 | ||
| LOK | |0 000 xxxxxcx a22 zn 4500 | ||
| LOK | |0 001 3130259090 | ||
| LOK | |0 003 DE-627 | ||
| LOK | |0 004 027233170 | ||
| LOK | |0 005 19990914000000 | ||
| LOK | |0 008 970526||||||||||||||||ger||||||| | ||
| LOK | |0 040 |a DE-21 |c DE-627 |d DE-21 | ||
| LOK | |0 852 |a DE-21 | ||
| LOK | |0 852 1 |c 18 A 18384 |9 00 | ||
| LOK | |0 935 |a kram |a konv | ||
| LOK | |0 939 |a 26-05-97 |b l01 | ||
| LOK | |0 000 xxxxxcx a22 zn 4500 | ||
| LOK | |0 001 313025918X | ||
| LOK | |0 003 DE-627 | ||
| LOK | |0 004 027233170 | ||
| LOK | |0 005 20100406182510 | ||
| LOK | |0 008 041029||||||||||||||||ger||||||| | ||
| LOK | |0 040 |a DE-21-17 |c DE-627 |d DE-21-17 | ||
| LOK | |0 541 |e 19351 | ||
| LOK | |0 689 |a s |0 1310562083 |a Ethnologie | ||
| LOK | |0 689 |a s |0 1310573042 |a Islam | ||
| LOK | |0 852 |a DE-21-17 | ||
| LOK | |0 852 1 |c 23a/47 |m p |9 00 | ||
| LOK | |0 935 |a k017 | ||
| LOK | |0 938 |k p | ||
| LOK | |0 939 |a 29-10-04 |b l01 | ||
| ORI | |a SA-MARC-ixtheoa001.raw | ||
| REL | |a 1 | ||
| STA | 0 | 0 | |a Islam,Islam,Muslim,Muslim,Mohammedan,Moslem,People |
| STB | 0 | 0 | |a Islam,Islam,Musulman,Musulman,Peuple |
| STC | 0 | 0 | |a Islam,Islam,Musulmán,Musulmán,Pueblo |
| STD | 0 | 0 | |a Islam,Islam,Musulmano,Musulmano,Popolo |
| STE | 0 | 0 | |a 人民,民族,伊斯兰教,伊斯兰教,回教,回教,穆斯林,穆斯林 |
| STF | 0 | 0 | |a 人民,民族,伊斯蘭教,伊斯蘭教,回教,回教,穆斯林,穆斯林 |
| STG | 0 | 0 | |a Islã,Islã,Muçulmano,Muçulmano,Povo |
| STH | 0 | 0 | |a Ислам (мотив),Ислам,Мусульманин (мотив),Мусульманин,Народ |
| STI | 0 | 0 | |a Ισλάμ (μοτίβο),Ισλάμ,Λαός,Έθνος,Μουσουλμάνος (μοτίβο),Μουσουλμάνος |
| SUB | |a REL | ||
| SYE | 0 | 0 | |a Muslimin,Muslime,Mohammedaner,Mohammedanerin,Moslem,Muselman,Muselmann,Moslemische Frau,Muslimische Frau,Muslima,Moslemin,Mosliminnen,Moslem,Mohammedaner,Muselman,Muselmann,Muslime |
| SYG | 0 | 0 | |a Islam , Völker |



